| 000 | 00455nam a2200121Ia 4500 | ||
|---|---|---|---|
| 008 | 170221s9999 xx 000 0 und d | ||
| 100 | _aDanbolt, Jo. | ||
| 245 | _aAbnormal Returns from Takeover Prediction Modelling: Challenges and Suggested Investment Strategies (pages 66–97) | ||
| 245 | _cJo Danbolt, Antonios Siganos and Abongeh Tunyi | ||
| 260 | _c2015 | ||
| 650 | _xBusiness | ||
| 856 | _uhttp://onlinelibrary.wiley.com/doi/10.1111/jbfa.12179/epdf | ||
| 999 |
_c309289 _d309289 |
||